| 000 | 00746cam a2200241 i 4500 | ||
|---|---|---|---|
| 003 | URS | ||
| 005 | 20230307111404.0 | ||
| 008 | 160405b xxu||||| |||| 00| 0 eng d | ||
| 020 | _a0256036543 (pbk.) | ||
| 050 | 0 | 0 |
_aHF5694 _b.Sl151 1987 |
| 100 | 1 |
_aSlater, Jeffrey, _d1947- |
|
| 245 | 1 | 0 |
_aPractical business math procedures / _cJeffrey Slater. |
| 250 | _a2nd ed. | ||
| 264 | 1 |
_aHomewood, Ill. : _bIrwin, _c1987. |
|
| 300 |
_axiv, 440 p. : _bill. (some col.) ; _c28 cm. |
||
| 336 |
_atext _btxt _2rdacontent |
||
| 337 |
_aunmediated _bn _2rdamedia |
||
| 338 |
_avolume _bnc _2rdacarrier |
||
| 500 | _aFold-out newspaper in pocket. | ||
| 500 | _aIncludes index. | ||
| 650 | 0 |
_aBusiness mathematics _xProblems, exercises, etc. |
|
| 942 |
_2lcc _cFR |
||
| 999 |
_c68517 _d68517 |
||